Katalóg novín a časopisov 1959 platný od 1. jan. 1959

Bibliographic Details
Format: Book
Language:Slovak
PhysicalDescription:112 s. 8°
Published: Praha Ministerstvo spojov - Edičné a propagačné stredisko spojov 1958
Subjects:

MARC

LEADER 00000nam a2200000 a 4500
001 vtls008311854
003 SK-MaSNL
005 20260301041145.0
008 181127s1958 xr 000 slo
015 |a SKSNBA1959/01-00204 
035 |a SK01SNK19590004071 
035 |a SKM000006534 
040 |a SNK  |b slo  |c SNK  |e AACR2 
041 1 |a slo 
044 |a xr 
080 |a 05(437)"1959"  |2 1981 
080 |a 07(437)"1959"  |2 1981 
245 1 0 |a Katalóg novín a časopisov 1959  |b platný od 1. jan. 1959 
260 |a Praha  |b Ministerstvo spojov - Edičné a propagačné stredisko spojov  |c 1958  |e Praha  |f Knihtisk 
300 |a 112 s.  |c 8° 
500 |a Zoznam novín a časopisov podľa obsahu 
563 |a 3050 výtl. 
650 0 7 |a noviny  |z Česko-Slovensko  |y 1959  |x zoznamy  |2 SNK  |9 342470 
650 0 7 |a časopisy  |z Česko-Slovensko  |y 1959  |x zoznamy  |2 SNK  |9 342471 
655 7 |a knihy  |2 SNKPH  |9 307098 
852 |a Slovenská národná knižnica v Martine  |b 10000  |h SD 16541 
958 |a TL 
958 |a RK 
999 |c 587733  |d 589663 
952 |a SNK  |b SNK  |y PREZ  |7 0  |p 17A0603713  |o snkSD 16541  |i snkKSP 329/59  |0 0  |1 0  |4 0  |d 2008-11-06  |l 0  |r 2025-12-01 00:00:00  |w 2026-02-23